| 000 | 01085nam a22003257a 4500 | ||
|---|---|---|---|
| 003 | CHAP | ||
| 005 | 20220817042304.0 | ||
| 008 | 971013s1974 mx r 00010 spa d | ||
| 010 | _a39739 | ||
| 011 | _a40711 | ||
| 035 | _a44837 | ||
| 040 | _cCHAP | ||
| 082 |
_a572 _bF5Y |
||
| 100 | 0 | 0 |
_aFirth, Raymond _ecomp. _941052 |
| 245 | 1 | 0 |
_aTemas de antropología económica _c/comp. por Raymond Firth |
| 260 |
_aMéxico, D.F. : _bFondo de Cultura Económica, _c1974 |
||
| 300 | _a279 p. | ||
| 490 | _aSección de obras de economía | ||
| 590 |
_aBATCH-UPD _b10 _c20130110 _lUCH01 _h0256 |
||
| 590 |
_aBATCH-UPD _b10 _c20130110 _lUCH01 _h1532 |
||
| 590 |
_aBATCH-UPD _b10 _c20130409 _lUCH01 _h2327 |
||
| 590 |
_aBATCH-UPD _b10 _c20130914 _lUCH01 _h1410 |
||
| 590 |
_aCONVERSION _b10 _c20130109 _lUCH01 _h1322 |
||
| 650 | 1 | 4 |
_aAntropologia. _96133 |
| 830 | 0 | _aSección de obras de economía | |
| 901 | _aBK | ||
| 942 | _cLIBRO | ||
| 949 |
_a572 F5Y _bBC _cLIBRO _d33724000477287 _eLIBRO _h40473 _i44837 _mD _si |
||
| 949 |
_a572 F5Y _bBC _cLIBRO _d33724002253314 _eLIBRO _fc.2 _gDonaciØn _h115.41 _i44837 _sb |
||
| 999 |
_c39739 _d39739 |
||